Somerset, Devon and Cornwall (Record no. 82532)

MARC details
000 -LEADER
fixed length control field 00872cab a22001935a 4500
001 - CONTROL NUMBER
control field L150502
008 - FIXED-LENGTH DATA ELEMENTS--GENERAL INFORMATION
fixed length control field 100721e20100515xxk 000 0 eng d
035 ## - SYSTEM CONTROL NUMBER
System control number (Sirsi) u150502
041 0# - LANGUAGE CODE
Language code of text/sound track or separate title eng
100 1# - MAIN ENTRY--PERSONAL NAME
Personal name Smith, Melanie
245 00 - TITLE STATEMENT
Title Somerset, Devon and Cornwall
260 ## - PUBLICATION, DISTRIBUTION, ETC.
Date of publication, distribution, etc. 2010
490 ## - SERIES STATEMENT
Series statement Estates Gazette
Volume/sequential designation (1019) 15 May 2010, 85-99(10)
520 ## - SUMMARY, ETC.
Summary, etc. Features developments in Exeter which include the £210m Skypark Business Park scheme and the Lands Securities regeneration of two major sites in Exeter City Centre. Also looks at Plymouth which is bracing itself for the effects of public sector cutbacks but is still continuing with projects such as Urban Splash which is regenerating the Royal William Yard and the English Cities Fund's Millbay project.
590 ## - LOCAL NOTE (RLIN)
Local note KA
651 #4 - SUBJECT ADDED ENTRY--GEOGRAPHIC NAME
Geographic name South West (England)
Chronological subdivision 1994-
700 1# - ADDED ENTRY--PERSONAL NAME
Personal name Thame, David
942 ## - ADDED ENTRY ELEMENTS (KOHA)
Suppress in OPAC 0
Holdings
Withdrawn status Lost status Source of classification or shelving scheme Damaged status Not for loan Home library Current library Shelving location Date acquired Total Checkouts Full call number Barcode Date last seen Copy number Price effective from Koha item type
    Dewey Decimal Classification     London London Journal article 21/07/2010   L150502 150502-1001 06/08/2019 1 06/08/2019 Journal article